000 01507cam a2200385 a 4500
001 14649092
003 PILC
005 20150915123723.0
008 061128s2006 nyua 001 0 eng d
010 _a 2006285738
020 _a0743265041 (pbk.)
020 _a9780743265041
035 _a(OCoLC)ocm71805590
035 _a(OCoLC)71805590
040 _aKRL
_cKRL
_dKRL
_dCPL
_dBAKER
_dDLC
042 _alccopycat
050 0 0 _aBJ 1661 .C873 2006
082 0 0 _a158.0835
100 1 _aCovey, Sean.
245 1 4 _aThe 6 most important decisions you'll ever make :
_ba guide for teens /
_cSean Covey.
246 3 _aSix most important decisions you'll ever make
260 _aNew York :
_bFireside,
_cc2006.
300 _a324 p. :
_bill. (some col.) ;
_c24 cm.
500 _a"A Fireside Book."
504 _aIncludes bibliographical references (p. 310-311) and index.
650 0 _aTeenagers
_xConduct of life.
650 0 _aTeenagers
_vLife skills guides.
650 0 _aDecision making in adolescence.
856 4 2 _3Publisher description
_uhttp://www.loc.gov/catdir/enhancements/fy0633/2006285738-d.html
856 4 1 _3Sample text
_uhttp://www.loc.gov/catdir/enhancements/fy0633/2006285738-s.html
856 4 1 _3Table of contents only
_uhttp://www.loc.gov/catdir/enhancements/fy0633/2006285738-t.html
906 _a7
_bcbc
_ccopycat
_d2
_encip
_f20
_gy-gencatlg
942 _2lcc
_cBK
999 _c288671
_d288671